<?xml version="1.0" encoding="UTF-8"?>
<record
    xmlns:xsi="http://www.w3.org/2001/XMLSchema-instance"
    xsi:schemaLocation="http://www.loc.gov/MARC21/slim http://www.loc.gov/standards/marcxml/schema/MARC21slim.xsd"
    xmlns="http://www.loc.gov/MARC21/slim">

  <leader>02057nam a2200325 i 4500</leader>
  <controlfield tag="003">DO-SdBNP</controlfield>
  <controlfield tag="005">20250407121055.0</controlfield>
  <controlfield tag="007">ta</controlfield>
  <controlfield tag="008">240212b1959    ag ||||| |||| 00| 0 spa d</controlfield>
  <datafield tag="040" ind1=" " ind2=" ">
    <subfield code="a">DO-SdBNP</subfield>
    <subfield code="b">spa</subfield>
    <subfield code="c">BNPHU</subfield>
    <subfield code="e">rda</subfield>
  </datafield>
  <datafield tag="041" ind1=" " ind2=" ">
    <subfield code="a">spa</subfield>
  </datafield>
  <datafield tag="082" ind1=" " ind2="4">
    <subfield code="a">346.44  </subfield>
    <subfield code="b">M476L</subfield>
    <subfield code="2">22</subfield>
  </datafield>
  <datafield tag="100" ind1="1" ind2=" ">
    <subfield code="a">Mazeaud, Henri,</subfield>
    <subfield code="d">1900-1993</subfield>
    <subfield code="e">autor</subfield>
    <subfield code="9">68262</subfield>
    <subfield code="4">aut.</subfield>
  </datafield>
  <datafield tag="240" ind1=" " ind2=" ">
    <subfield code="a"> Le&#xE7;ons de droit civil.</subfield>
    <subfield code="l">Espa&#xF1;ol </subfield>
  </datafield>
  <datafield tag="245" ind1="1" ind2="0">
    <subfield code="a">Lecciones de derecho civil /</subfield>
    <subfield code="c">Henri  Mazeaud, Le&#xF3;n Mazeaud, Jean Mazeaud ; traducci&#xF3;n, Luis Alcal&#xE1;-Zamora y Castillo</subfield>
  </datafield>
  <datafield tag="264" ind1=" " ind2="4">
    <subfield code="a">Buenos Aires :</subfield>
    <subfield code="b">Editora Jur&#xED;dicas Europa-Am&#xE9;rica,</subfield>
    <subfield code="c">&#xA9;1959.</subfield>
  </datafield>
  <datafield tag="300" ind1=" " ind2=" ">
    <subfield code="a">4 vol&#xFA;menes en 16  ;</subfield>
    <subfield code="c">21 cm.</subfield>
  </datafield>
  <datafield tag="336" ind1=" " ind2=" ">
    <subfield code="a">texto</subfield>
    <subfield code="b">txt</subfield>
    <subfield code="2">rdacontent</subfield>
  </datafield>
  <datafield tag="337" ind1=" " ind2=" ">
    <subfield code="a">sin mediaci&#xF3;n</subfield>
    <subfield code="b">n</subfield>
    <subfield code="2">rdamedia</subfield>
  </datafield>
  <datafield tag="338" ind1=" " ind2=" ">
    <subfield code="a">volumen</subfield>
    <subfield code="b">nc</subfield>
    <subfield code="2">rdacarrier</subfield>
  </datafield>
  <datafield tag="500" ind1=" " ind2=" ">
    <subfield code="a">La traducci&#xF3;n de esta obra se realiza bajo la direcci&#xF3;n y la responsabilidad del profesor Santiago Sent&#xED;s Melendo </subfield>
  </datafield>
  <datafield tag="505" ind1=" " ind2=" ">
    <subfield code="g">Volumen 1 --</subfield>
    <subfield code="t">Parte primera --</subfield>
    <subfield code="t">Introducci&#xF3;n al estudio del derecho privado, derecho objetivo y derechos subjetivos --</subfield>
    <subfield code="g">Volumen 2 -- </subfield>
    <subfield code="t">Parte Primera --</subfield>
    <subfield code="t">Los sujetos de derechos, Las personas --</subfield>
    <subfield code="g">Volumen 2. </subfield>
    <subfield code="t">Parte Segunda --</subfield>
    <subfield code="t">Responsabilidad civil. Los cuasicontratos --</subfield>
    <subfield code="g">Volumen 2. </subfield>
    <subfield code="t">Parte Tercera --</subfield>
    <subfield code="t">Garant&#xED;as (continuaci&#xF3;n) . Publicidad inmobiliaria --</subfield>
    <subfield code="g">Volumen 3 --</subfield>
    <subfield code="t"> Parte  Primera --</subfield>
    <subfield code="t">La familia. Constituci&#xF3;n de la familia -- </subfield>
    <subfield code="g">Volumen 3 --</subfield>
    <subfield code="t">Parte segunda --</subfield>
    <subfield code="t">Cumplimiento. Extinci&#xF3;n y transmisi&#xF3;n de las obligaciones -- </subfield>
    <subfield code="g">Volumen 3 --</subfield>
    <subfield code="t">Parte tercera -- </subfield>
    <subfield code="t">Los principales contratos --</subfield>
    <subfield code="g">Volumen 4 --</subfield>
    <subfield code="t">Parte Primera --</subfield>
    <subfield code="t">La familia. Organizaci&#xF3;n de la familia -- Disoluci&#xF3;n y disgregaci&#xF3;n de la familia -- </subfield>
    <subfield code="g">Volumen 4 --</subfield>
    <subfield code="t">Parte tercera --</subfield>
    <subfield code="t">Los principales contratos (continuaci&#xF3;n)</subfield>
  </datafield>
  <datafield tag="590" ind1=" " ind2=" ">
    <subfield code="a">Inventariado, 2024/BT</subfield>
  </datafield>
  <datafield tag="650" ind1=" " ind2="7">
    <subfield code="a">Derecho civil</subfield>
    <subfield code="z">Francia </subfield>
    <subfield code="9">87298</subfield>
  </datafield>
  <datafield tag="700" ind1="1" ind2=" ">
    <subfield code="a">Mazeaud, Le&#xF3;n</subfield>
    <subfield code="9">84899</subfield>
    <subfield code="e">autor</subfield>
    <subfield code="4">aut.</subfield>
  </datafield>
  <datafield tag="700" ind1="1" ind2=" ">
    <subfield code="a">Mazeaud, Jean</subfield>
    <subfield code="e">autor</subfield>
    <subfield code="9">68263</subfield>
    <subfield code="4">aut.</subfield>
  </datafield>
  <datafield tag="700" ind1="1" ind2=" ">
    <subfield code="a">Alcal&#xE1;-Zamora y Castillo, Luis,</subfield>
    <subfield code="e">traductor</subfield>
    <subfield code="9">68264</subfield>
    <subfield code="4">tr.</subfield>
  </datafield>
  <datafield tag="910" ind1=" " ind2=" ">
    <subfield code="a">Btav&#xE1;rez/Validado. Control de calidad MFF</subfield>
  </datafield>
  <datafield tag="942" ind1=" " ind2=" ">
    <subfield code="2">ddc</subfield>
    <subfield code="c">LBS1</subfield>
  </datafield>
  <datafield tag="952" ind1=" " ind2=" ">
    <subfield code="0">0</subfield>
    <subfield code="1">0</subfield>
    <subfield code="2">ddc</subfield>
    <subfield code="5">6</subfield>
    <subfield code="7">0</subfield>
    <subfield code="8">GR</subfield>
    <subfield code="a">BNPHU</subfield>
    <subfield code="b">BNPHU</subfield>
    <subfield code="c">HD</subfield>
    <subfield code="d">2024-02-12</subfield>
    <subfield code="e">Donado por Graciela Geraldo</subfield>
    <subfield code="l">0</subfield>
    <subfield code="o">BNPHU GR 346.44 M476L</subfield>
    <subfield code="p">2024-0989</subfield>
    <subfield code="r">2024-02-12</subfield>
    <subfield code="t">v.1, p.1</subfield>
    <subfield code="w">2024-02-12</subfield>
    <subfield code="y">LBS1</subfield>
  </datafield>
  <datafield tag="952" ind1=" " ind2=" ">
    <subfield code="0">0</subfield>
    <subfield code="1">0</subfield>
    <subfield code="2">ddc</subfield>
    <subfield code="5">6</subfield>
    <subfield code="7">0</subfield>
    <subfield code="8">GR</subfield>
    <subfield code="a">BNPHU</subfield>
    <subfield code="b">BNPHU</subfield>
    <subfield code="c">HD</subfield>
    <subfield code="d">2024-02-12</subfield>
    <subfield code="e">Donado por Graciela Geraldo</subfield>
    <subfield code="l">0</subfield>
    <subfield code="o">BNPHU GR 346.44 M476L</subfield>
    <subfield code="p">2024-0990</subfield>
    <subfield code="r">2024-02-12</subfield>
    <subfield code="t">v.1,p.1,e.2</subfield>
    <subfield code="w">2024-02-12</subfield>
    <subfield code="y">LBS1</subfield>
  </datafield>
  <datafield tag="952" ind1=" " ind2=" ">
    <subfield code="0">0</subfield>
    <subfield code="1">0</subfield>
    <subfield code="2">ddc</subfield>
    <subfield code="5">6</subfield>
    <subfield code="7">0</subfield>
    <subfield code="8">GR</subfield>
    <subfield code="a">BNPHU</subfield>
    <subfield code="b">BNPHU</subfield>
    <subfield code="c">HD</subfield>
    <subfield code="d">2024-02-12</subfield>
    <subfield code="e">Donado por FUNDI</subfield>
    <subfield code="l">0</subfield>
    <subfield code="o">BNPHU GR 346.44 M476L</subfield>
    <subfield code="p">2024-0991</subfield>
    <subfield code="r">2024-02-12</subfield>
    <subfield code="t">v.1,p.1,e.3</subfield>
    <subfield code="w">2024-02-12</subfield>
    <subfield code="y">LBS1</subfield>
  </datafield>
  <datafield tag="952" ind1=" " ind2=" ">
    <subfield code="0">0</subfield>
    <subfield code="1">0</subfield>
    <subfield code="2">ddc</subfield>
    <subfield code="5">6</subfield>
    <subfield code="7">0</subfield>
    <subfield code="8">GR</subfield>
    <subfield code="a">BNPHU</subfield>
    <subfield code="b">BNPHU</subfield>
    <subfield code="c">HD</subfield>
    <subfield code="d">2024-02-12</subfield>
    <subfield code="e">Donado Aimee Flores Jiminian</subfield>
    <subfield code="l">0</subfield>
    <subfield code="o">BNPHU GR 346.44 M476L</subfield>
    <subfield code="p">2024-0992</subfield>
    <subfield code="r">2024-02-12</subfield>
    <subfield code="t">v.1,p.1,e.4</subfield>
    <subfield code="w">2024-02-12</subfield>
    <subfield code="y">LBS1</subfield>
  </datafield>
  <datafield tag="952" ind1=" " ind2=" ">
    <subfield code="0">0</subfield>
    <subfield code="1">0</subfield>
    <subfield code="2">ddc</subfield>
    <subfield code="5">6</subfield>
    <subfield code="7">0</subfield>
    <subfield code="8">GR</subfield>
    <subfield code="a">BNPHU</subfield>
    <subfield code="b">BNPHU</subfield>
    <subfield code="c">HD</subfield>
    <subfield code="d">2024-02-12</subfield>
    <subfield code="e">Donado por Graciela Geraldo.</subfield>
    <subfield code="l">0</subfield>
    <subfield code="o">BNPHU GR 346.44 M476L</subfield>
    <subfield code="p">2024-0993</subfield>
    <subfield code="r">2024-02-12</subfield>
    <subfield code="t">v.2, p.1</subfield>
    <subfield code="w">2024-02-12</subfield>
    <subfield code="y">LBS1</subfield>
  </datafield>
  <datafield tag="952" ind1=" " ind2=" ">
    <subfield code="0">0</subfield>
    <subfield code="1">0</subfield>
    <subfield code="2">ddc</subfield>
    <subfield code="5">6</subfield>
    <subfield code="7">0</subfield>
    <subfield code="8">GR</subfield>
    <subfield code="a">BNPHU</subfield>
    <subfield code="b">BNPHU</subfield>
    <subfield code="c">HD</subfield>
    <subfield code="d">2024-02-12</subfield>
    <subfield code="e">Donado por FUNDI</subfield>
    <subfield code="l">0</subfield>
    <subfield code="o">BNPHU GR 346.44 M476L</subfield>
    <subfield code="p">2024-0994</subfield>
    <subfield code="r">2024-02-12</subfield>
    <subfield code="t">v.3, p.1</subfield>
    <subfield code="w">2024-02-12</subfield>
    <subfield code="y">LBS1</subfield>
  </datafield>
  <datafield tag="952" ind1=" " ind2=" ">
    <subfield code="0">0</subfield>
    <subfield code="1">0</subfield>
    <subfield code="2">ddc</subfield>
    <subfield code="5">6</subfield>
    <subfield code="7">0</subfield>
    <subfield code="8">GR</subfield>
    <subfield code="a">BNPHU</subfield>
    <subfield code="b">BNPHU</subfield>
    <subfield code="c">HD</subfield>
    <subfield code="d">2024-02-12</subfield>
    <subfield code="e">Donado &#xB4;por Graciela Geraldo</subfield>
    <subfield code="l">0</subfield>
    <subfield code="o">BNPHU GR 346.44 M476L</subfield>
    <subfield code="p">2024-0995</subfield>
    <subfield code="r">2024-02-12</subfield>
    <subfield code="t"> v.3, p.1, e.2</subfield>
    <subfield code="w">2024-02-12</subfield>
    <subfield code="y">LBS1</subfield>
  </datafield>
  <datafield tag="952" ind1=" " ind2=" ">
    <subfield code="0">0</subfield>
    <subfield code="1">0</subfield>
    <subfield code="2">ddc</subfield>
    <subfield code="5">6</subfield>
    <subfield code="7">0</subfield>
    <subfield code="8">GR</subfield>
    <subfield code="a">BNPHU</subfield>
    <subfield code="b">BNPHU</subfield>
    <subfield code="c">HD</subfield>
    <subfield code="d">2024-02-12</subfield>
    <subfield code="e">Donado por Graciela Geraldo.</subfield>
    <subfield code="l">0</subfield>
    <subfield code="o">BNPHU GR 346.44 M476L</subfield>
    <subfield code="p">2024-0996</subfield>
    <subfield code="r">2024-02-12</subfield>
    <subfield code="t">v.4, p.1</subfield>
    <subfield code="w">2024-02-12</subfield>
    <subfield code="y">LBS1</subfield>
  </datafield>
  <datafield tag="952" ind1=" " ind2=" ">
    <subfield code="0">0</subfield>
    <subfield code="1">0</subfield>
    <subfield code="2">ddc</subfield>
    <subfield code="5">6</subfield>
    <subfield code="7">0</subfield>
    <subfield code="8">GR</subfield>
    <subfield code="a">BNPHU</subfield>
    <subfield code="b">BNPHU</subfield>
    <subfield code="c">HD</subfield>
    <subfield code="d">2024-02-12</subfield>
    <subfield code="e">Donado por FUNDI</subfield>
    <subfield code="l">0</subfield>
    <subfield code="o">BNPHU GR 346.44 M476L</subfield>
    <subfield code="p">2024-0997</subfield>
    <subfield code="r">2024-02-12</subfield>
    <subfield code="t">v.4,p.1,e.2</subfield>
    <subfield code="w">2024-02-12</subfield>
    <subfield code="y">LBS1</subfield>
  </datafield>
  <datafield tag="952" ind1=" " ind2=" ">
    <subfield code="0">0</subfield>
    <subfield code="1">0</subfield>
    <subfield code="2">ddc</subfield>
    <subfield code="5">6</subfield>
    <subfield code="7">0</subfield>
    <subfield code="8">GR</subfield>
    <subfield code="a">BNPHU</subfield>
    <subfield code="b">BNPHU</subfield>
    <subfield code="c">HD</subfield>
    <subfield code="d">2024-02-12</subfield>
    <subfield code="e">Donado por FUNDI</subfield>
    <subfield code="l">0</subfield>
    <subfield code="o">BNPHU GR 346.44 M476L</subfield>
    <subfield code="p">2024-0998</subfield>
    <subfield code="r">2024-02-12</subfield>
    <subfield code="t">v.2, p.2</subfield>
    <subfield code="w">2024-02-12</subfield>
    <subfield code="y">LBS1</subfield>
  </datafield>
  <datafield tag="952" ind1=" " ind2=" ">
    <subfield code="0">0</subfield>
    <subfield code="1">0</subfield>
    <subfield code="2">ddc</subfield>
    <subfield code="5">6</subfield>
    <subfield code="7">0</subfield>
    <subfield code="8">GR</subfield>
    <subfield code="a">BNPHU</subfield>
    <subfield code="b">BNPHU</subfield>
    <subfield code="c">HD</subfield>
    <subfield code="d">2024-02-12</subfield>
    <subfield code="e">Donado por Graciela Geraldo</subfield>
    <subfield code="l">0</subfield>
    <subfield code="o">BNPHU GR 346.44 M476L</subfield>
    <subfield code="p">2024-0999</subfield>
    <subfield code="r">2024-02-12</subfield>
    <subfield code="t">v.3, p.2</subfield>
    <subfield code="w">2024-02-12</subfield>
    <subfield code="y">LBS1</subfield>
  </datafield>
  <datafield tag="952" ind1=" " ind2=" ">
    <subfield code="0">0</subfield>
    <subfield code="1">0</subfield>
    <subfield code="2">ddc</subfield>
    <subfield code="5">6</subfield>
    <subfield code="7">0</subfield>
    <subfield code="8">GR</subfield>
    <subfield code="a">BNPHU</subfield>
    <subfield code="b">BNPHU</subfield>
    <subfield code="c">HD</subfield>
    <subfield code="d">2024-02-12</subfield>
    <subfield code="e">Donado por Graciela Geraldo.</subfield>
    <subfield code="l">0</subfield>
    <subfield code="o">BNPHU GR 346.44 M476L</subfield>
    <subfield code="p">2024-1000</subfield>
    <subfield code="r">2024-02-12</subfield>
    <subfield code="t">v.2, p.3</subfield>
    <subfield code="w">2024-02-12</subfield>
    <subfield code="y">LBS1</subfield>
  </datafield>
  <datafield tag="952" ind1=" " ind2=" ">
    <subfield code="0">0</subfield>
    <subfield code="1">0</subfield>
    <subfield code="2">ddc</subfield>
    <subfield code="5">6</subfield>
    <subfield code="7">0</subfield>
    <subfield code="8">GR</subfield>
    <subfield code="a">BNPHU</subfield>
    <subfield code="b">BNPHU</subfield>
    <subfield code="c">HD</subfield>
    <subfield code="d">2024-02-12</subfield>
    <subfield code="e">Donado por Graciela Geraldo.</subfield>
    <subfield code="l">0</subfield>
    <subfield code="o">BNPHU GR 346.44 M476L</subfield>
    <subfield code="p">2024-1001</subfield>
    <subfield code="r">2024-02-12</subfield>
    <subfield code="t">v.3, p.3</subfield>
    <subfield code="w">2024-02-12</subfield>
    <subfield code="y">LBS1</subfield>
  </datafield>
  <datafield tag="952" ind1=" " ind2=" ">
    <subfield code="0">0</subfield>
    <subfield code="1">0</subfield>
    <subfield code="2">ddc</subfield>
    <subfield code="5">6</subfield>
    <subfield code="7">0</subfield>
    <subfield code="8">GR</subfield>
    <subfield code="a">BNPHU</subfield>
    <subfield code="b">BNPHU</subfield>
    <subfield code="c">HD</subfield>
    <subfield code="d">2024-09-13</subfield>
    <subfield code="e">Donado por Graciela Geraldo.</subfield>
    <subfield code="l">0</subfield>
    <subfield code="o">BNPHU GR 346.44 M476L</subfield>
    <subfield code="p">2024-5340</subfield>
    <subfield code="r">2024-09-13</subfield>
    <subfield code="t">v.4, p.3</subfield>
    <subfield code="w">2024-09-13</subfield>
    <subfield code="y">LBS1</subfield>
  </datafield>
  <datafield tag="999" ind1=" " ind2=" ">
    <subfield code="c">55910</subfield>
    <subfield code="d">55910</subfield>
  </datafield>
</record>
